000 00584nam a2200229Ia 4500
003 OSt
005 20220924153230.0
006 a|||||r|||| 00| 0
007 ta
008 220923b |||||||| |||| 00| 0 guj d
024 _a347370
037 _cTextual
040 _aARTS
_cARTS
_bguj
041 _2guj
_aguj
082 _aV2y7NMA, 156K9.1-.10
100 _aHalal Ed.
_9228363
245 0 _aMahadev lahohni diary
260 _c1969
650 _aHISTORY
942 _hV2y7NMA, 156K9.1-.10
_cTEXL
_2CC
999 _c472853
_d472853